000 00632nam a22002297a 4500
003 UA-OsUOA
001 98502
007 ta
008 20130415b un ||||| |||| 00| 0 ukr d
100 _aКорякина М.
090 _a821.161.1
_bК70
942 _cBK
040 _aUA-OsUOA
_brus
_cUA-OsUOA
_dUA-OsUOA
245 _aНадежда горькая, как дым
_bрассказы
300 _a251 с.
955 _a3
041 _arus
080 _a821.161.1
260 _aМ.
_bМолодая гвардия
_c1989
650 7 _a82 Література. Літературознавство
_2UDC
999 _c384417
_d384417